| 000 | 01454cam a2200301 a 4500 | ||
|---|---|---|---|
| 001 | 16080988 | ||
| 005 | 20101202085553.0 | ||
| 008 | 100202s2010 caua b 001 0 eng | ||
| 020 | _a9780313383434 (hardcopy : alk. paper) | ||
| 020 | _a031338343X (hardcopy : alk. paper) | ||
| 020 | _a9780313383441 (ebook) | ||
| 020 | _a0313383448 (ebook) | ||
| 040 |
_aDLC _cDLC _dYDX _dYDXCP _dBWX _dDLC |
||
| 082 | 0 | 0 |
_a324.70973 _222 _bBUR |
| 100 | 1 |
_aBurton, Michael John. _928830 |
|
| 245 | 1 | 0 |
_aCampaign Craft : _bthe Strategies, Tactics, and art of Political Campaign Management / _cMichael John Burton and Daniel M. Shea. |
| 250 | _a4th ed. | ||
| 260 |
_aSanta Barbara, Calif. : _bPraeger/ABC-CLIO, _cc2010. |
||
| 300 |
_ax, 250 p. : _bill. ; _c24 cm. |
||
| 490 | 1 |
_aPraeger studies in political communication, _x1062-5623 _928831 |
|
| 504 | _aIncludes bibliographical references and index. | ||
| 650 | 0 |
_aCampaign management _zUnited States. _928832 |
|
| 653 |
_bPol _cFebruary2012 |
||
| 700 | 1 |
_aShea, Daniel M. _928833 |
|
| 942 |
_2ddc _cBB |
||
| 999 |
_c16446 _d16446 |
||